|
|
|
|
| LEADER |
00000nab#a22000007a#4500 |
| 001 |
arbauad006479 |
| 003 |
AR-BaUAD |
| 005 |
20250711110756.0 |
| 008 |
941104|||||||||###||||||b###|0###a|spa|| |
| 040 |
|
|
|a AR-BaUAD
|c AR-BaUAD
|b spa
|
| 100 |
|
|
|a Wilson, Anton
|
| 245 |
|
|
|a Cinema workshop :
|b pilotones /
|c Anton Wilson;
|
| 300 |
0 |
|
|b p. 1158, 1229: il., fot.
|
| 653 |
|
|
|a CINE
|
| 653 |
|
|
|a SONIDO
|
| 653 |
|
|
|a EQUIPOS
|
| 773 |
0 |
|
|t AMERICAN CINEMATOGRAPHER
|g v. 59, Nº12 [dic. 1978]
|
| 942 |
|
|
|c ARTI
|
| 952 |
|
|
|0 0
|1 0
|4 0
|7 0
|9 51399
|a AR-BAuAD
|b AR-BAuAD
|d 2025-07-11
|l 0
|p AAQA006479
|r 2025-07-11 11:07:56
|w 2025-07-11
|y ARTI
|
| 990 |
|
|
|a C197
|b TD
|
| 998 |
|
|
|a AAQ
|b BIBUN76
|
| 999 |
|
|
|c 31072
|d 31072
|